000 00415pab a2200169 454500
008 180718b2010 xxu||||| |||| 00| 0 eng d
100 _aMukherjee, Aditya
245 _aEmpire: How colonial India made modern Britain
260 _c2010
300 _ap.73-82.
362 _a11 Dec
650 _aIndia - History
650 _aHistory
773 _aEconomic and Political Weekly
908 _aN
909 _a90170
999 _c90170
_d90170